Loading...
| Literature - American Literature | 0 | 4 | 0 | 2 | 40 | 119 | 130.00 | 0 | 1 |
| Fine Arts - Painting & Sculpture | 0 | 4 | 0 | 2 | 40 | 107 | 132.75 | 0 | 1 |
| Fine Arts - Classical Music | 0 | 3 | 1 | 1 | 25 | 91 | 117.33 | 0 | 1 |
| Literature - European Literature | 0 | 2 | 0 | 0 | 20 | 124 | 138.50 | 0 | 1 |
| History - American History | 0 | 2 | 0 | 1 | 20 | 62 | 86.00 | 0 | 1 |
| Fine Arts - Other Fine Arts | 0 | 2 | 0 | 0 | 20 | 84 | 101.00 | 0 | 1 |
| Social Science | 0 | 1 | 0 | 1 | 10 | 128 | 128.00 | 0 | 0 |
| History - World History | 0 | 1 | 0 | 0 | 10 | 103 | 103.00 | 0 | 0 |
| Other | 0 | 1 | 0 | 0 | 10 | 110 | 110.00 | 0 | 0 |
| Religion | 0 | 1 | 0 | 1 | 10 | 145 | 145.00 | 0 | 0 |
| Science - Other Science | 0 | 1 | 0 | 1 | 10 | 122 | 122.00 | 0 | 0 |
| History - Other History | 0 | 1 | 1 | 0 | 5 | 135 | 135.00 | 0 | 0 |
| Literature - British Literature | 0 | 0 | 1 | 0 | -5 | 0.00 | 0 | 0 | |
| Literature - World Literature | 0 | 0 | 1 | 0 | -5 | 0.00 | 0 | 0 | |
| Mythology | 0 | 0 | 1 | 0 | -5 | 0.00 | 0 | 0 |